export_success — 

Lineare Algebra.

Bibliographic Details
Main Author: Kowalsky, Hans-Joachim.
Format: eBook
Language:German
Published: Berlin/Boston : Walter de Gruyter GmbH, 1967.
Edition:2nd ed.
Series:Göschens Lehrbücherei/ Gruppe I: Reine und Angewandte Mathematik Series
Subjects:
Online Access:Click to View
LEADER 01529nam a22003613i 4500
001 EBC7015054
003 MiAaPQ
005 20231204023225.0
006 m o d |
007 cr cnu||||||||
008 231204s1967 xx o ||||0 ger d
020 |a 9783111337579  |q (electronic bk.) 
035 |a (MiAaPQ)EBC7015054 
035 |a (Au-PeEL)EBL7015054 
035 |a (OCoLC)652042355 
040 |a MiAaPQ  |b eng  |e rda  |e pn  |c MiAaPQ  |d MiAaPQ 
100 1 |a Kowalsky, Hans-Joachim. 
245 1 0 |a Lineare Algebra. 
250 |a 2nd ed. 
264 1 |a Berlin/Boston :  |b Walter de Gruyter GmbH,  |c 1967. 
264 4 |c ©1965. 
300 |a 1 online resource (344 pages) 
336 |a text  |b txt  |2 rdacontent 
337 |a computer  |b c  |2 rdamedia 
338 |a online resource  |b cr  |2 rdacarrier 
490 1 |a Göschens Lehrbücherei/ Gruppe I: Reine und Angewandte Mathematik Series ;  |v v.27 
588 |a Description based on publisher supplied metadata and other sources. 
590 |a Electronic reproduction. Ann Arbor, Michigan : ProQuest Ebook Central, 2023. Available via World Wide Web. Access may be limited to ProQuest Ebook Central affiliated libraries.  
655 4 |a Electronic books. 
776 0 8 |i Print version:  |a Kowalsky, Hans-Joachim  |t Lineare Algebra  |d Berlin/Boston : Walter de Gruyter GmbH,c1967 
797 2 |a ProQuest (Firm) 
830 0 |a Göschens Lehrbücherei/ Gruppe I: Reine und Angewandte Mathematik Series 
856 4 0 |u https://ebookcentral.proquest.com/lib/matrademy/detail.action?docID=7015054  |z Click to View